| 000 | 00807cam a22002055a 4500 | ||
|---|---|---|---|
| 001 | L141169 | ||
| 008 | 071031s1842 xxk eng u | ||
| 035 | _a(Sirsi) u141169 | ||
| 041 | 0 | _aeng | |
| 110 | 2 |
_aMessrs. Winstanley _95434 |
|
| 245 | 0 | 0 | _aParticulars of an eligible freehold property...situated no. 11 The Terrace, near the Chapel, Upper Clapton...which will be sold by auction by Messrs. Winstanley at the Auction Mart, London on Friday the 4th of February 1842 at twelve o'clock... |
| 260 |
_aS.l. _bs.n. _c[1842] |
||
| 300 |
_a3 p. _c39 cm., folded to 24 x 19 cm. |
||
| 340 | _aPrinted | ||
| 351 | _cSingle item | ||
| 500 | _aItem is annotated in brown ink. | ||
| 651 | 4 | _aLondon | |
| 690 | _aPROPERTY-PROPERTY ACQUISITION AND DISPOSAL-ACQUISITION AND DISPOSAL AT AUCTION | ||
| 942 | _n0 | ||
| 999 |
_c116640 _d116640 |
||